1893 1132 1150 1411 1830 1113 1902 1554 1429 1805 1364 1469 1564 1319 1184 1274 1778 1988 1759 1952 1268 1350 1657 1542 1041 1798 1540 1580 1694 1403 1413 1956 1084 1118 1341 1431 1136 1780 1685 1879 1669 1132 1944 1312 1612 1516 1393 1215 1415 1320 1405 1365 1532 1335 1467 1945 1890 1344 1789 1471 1372 1426 1459 1242 1977 1629 1314 1924 1139 1063 1471 1743 1084 1194 1744 1274 1652 1881 1342 1984 1686 1701 1607 1847 1883 1353 1919 1715 1183 1877 1574 1043 1853 1336 1047 1514 1932 1734 1839 BCNSPRNW ULIB Ver.6.0+V

เปลี่ยนเป็นภาษาไทย

Change to English
 แสดงรายละเอียดบรรณานุกรม
  กลับหน้าหลัก

Brief Record : Get Marc (ISO 2709) : E-mail record : QR code < ปิดหน้าต่าง
LEADER : 00000nam 2200000uu 4500
001    13399114975
003     ULIB
008    120626s2549||||th 000 0 tha d
020    ^a9749713222
060 04 ^aWA400^bอ176อ 2549
100 0  ^aอนามัย (ธีรวิโรจน์) เทศกะทึก
245 10 ^aอาชีวอนามัยและความปลอดภัย =^bOccupational health andsafety /^cอนามัย (ธีรวิโรจน์) เทศกะทึก
246 31 ^aOccupational health and safety
250    ^aพิมพ์ครั้งที่ 1
260    ^aกรุงเทพฯ :^bโอเดียนสโตร์,^c2549
300    ^a280 หน้า :^bภาพประกอบ ;^c24 ซม.
650  7 ^aความปลอดภัยในการทำงาน
650  7 ^aโรคเกิดจากอาชีพ
650  7 ^aอนามัยสิ่งแวดล้อม
650  7 ^aอาชีวอนามัย
945    ^p185^l0^i24799
995    ^aกัณชพร
999    ^aใช้งานได้ทุกระบบ
รายการนี้ยังไม่มีแท็ก
คุณยังไม่ได้ล็อกอิน คุณสามารถมีกิจกรรมร่วมกับเว็บไซต์ได้ แต่ต้องล็อกอินก่อน ::
  ล็อกอิน

รายการสื่อสารสนเทศ

ลำดับที่ ประเภท เลขเรียก/บาร์โค้ด สถานที่ สถานะ
- ไม่พบข้อมูล -

รายการใกล้เคียง
    ผู้แต่ง [อนามัย (ธีรวิโรจน์) เทศกะทึก]

    หัวเรื่อง [ความปลอดภัยในการทำงาน]
    หัวเรื่อง [โรคเกิดจากอาชีพ]
    หัวเรื่อง [อนามัยสิ่งแวดล้อม]
    หัวเรื่อง [อาชีวอนามัย]

BibComment


ยังไม่เคยถูกคอมเมนท์

คอมเมนท์ทรัพยากรรายการนี้
  คอมเมนท์: อาชีวอนามัยและคว..


 Copyright 2026. Bcnsprnw @Library